[Event "Barcelona Tancat Sant Marti 3rd"]
[Site "Barcelona"]
[Date "2011.03.12"]
[Round "9.4"]
[White "Ramirez Llod, Oriol"]
[Black "Sulla Peirot, Andreu"]
[Result "0-1"]
[WhiteElo "1700"]
[BlackElo "1765"]
[PlyCount "162"]
[EventDate "2011.03.08"]
[EventType "tourn"]
[EventRounds "9"]
[EventCountry "ESP"]
[SourceTitle "EXT 2024"]
[Source "ChessBase"]
[SourceDate "2023.10.10"]
[SourceVersion "1"]
[SourceVersionDate "2023.10.10"]
[SourceQuality "1"]

1. e4 c5 2. Nf3 d6 3. Nc3 Nf6 4. Bc4 a6 5. Ng5 e6 6. d4 Be7 7. d5 e5 8. 0-0 0-0 9. Ne2 Nbd7 10. Ng3 Nb6 11. Be2 Bd7 12. b3 Qc8 13. c4 a5 14. Be3 Bg4 15. Qd2 Bxe2 16. Qxe2 Qg4 17. Qxg4 Nxg4 18. Nf5 Nc8 19. Bd2 Ra6 20. Rfe1 h6 21. Nxe7+ Nxe7 22. Nf3 Nf6 23. Nh4 Re8 24. Rac1 b6 25. Rc3 Ra7 26. h3 Rb8 27. Ree3 b5 28. cxb5 Rxb5 29. Rf3 Nxe4 30. Rcd3 Nxd2 31. Rxd2 Rb4 32. Nf5 Nxf5 33. Rxf5 Re7 34. Rd3 f6 35. Rg3 Rd4 36. Rxf6 Rxd5 37. Rxh6 Rf7 38. Rg4 Rd1+ 39. Kh2 Rxf2 40. Re6 Rf7 41. Rh4 Rd4 42. Rxd4 exd4 43. Rxd6 Re7 44. Rd5 Rc7 45. g4 Kf7 46. Rf5+ Ke6 47. h4 d3 48. Rf2 Rd7 49. Rd2 Ke5 50. g5 Kf4 51. g6 Ke3 52. Rd1 Ke2 53. Rxd3 Rxd3 54. h5 Rd7 55. Kg3 Rd4 56. a3 Ke3 57. h6 gxh6 58. g7 Rd8 59. Kg4 Rg8 60. Kh5 Rxg7 61. Kxh6 Rb7 62. Kg5 Rxb3 63. Kf5 c4 64. Ke5 Rxa3 65. Kd5 c3 66. Kc5 c2 67. Kb6 c1Q 68. Kb5 Qb1+ 69. Kc5 Ke4 70. Kc4 Qc1+ 71. Kb5 Qb1+ 72. Kc4 Qd1 73. Kc5 Rc3+ 74. Kb5 a4 75. Kb4 Qd4+ 76. Kb5 Qd6 77. Kxa4 Qa6+ 78. Kb4 Rc1 79. Kb3 Qb6+ 80. Ka2 Rc8 81. Ka3 Ra8# 0-1